[Event "AUTO-ADV-4757"]
[Site "http://www.queenalice.com/game.php?id=1835945"]
[Date "2024.4.29"]
[Round "2"]
[White "Capixaba789"]
[Black "madeira39"]
[Result "1/2-1/2"]
[WhiteElo "1960"]
[BlackElo "1831"]

1. d4 b6 2. Nc3 e6 3. e4 Bb4 4. Bd2 Bb7 5. Bd3 h6 6. Nf3 Nf6 7. e5 Nd5 8. O-O
Bxc3 9. bxc3 Ba6 10. Bxa6 Nxa6 11. Qe2 Qc8 12. c4 Ne7 13. Bf4 Ng6 14. Be3 Nb4
15. a3 Nc6 16. Nd2 Qb7 17. f4 O-O 18. c3 Nce7 19. Nf3 Nf5 20. a4 Qe4 21. Rfe1
Qxe3+ 22. Qxe3 Nxe3 23. Rxe3 Nxf4 24. a5 bxa5 25. Rxa5 c6 26. c5 Nd5 27. Rd3 Nf4
28. Re3 Nd5 29. Rd3 Nf4 30. Rd2 Nd5 31. Rd3 Nf4 1/2-1/2

[Event "AUTO-ADV-4757"]
[Site "http://www.queenalice.com/game.php?id=1835946"]
[Date "2024.4.29"]
[Round "2"]
[White "madeira39"]
[Black "Capixaba789"]
[Result "1/2-1/2"]
[WhiteElo "1843"]
[BlackElo "1774"]

1. e4 c5 2. Bc4 Nc6 3. Nf3 e6 4. d3 d6 5. d4 cxd4 6. Nxd4 Bd7 7. Be3 Nf6 8. Nd2
e5 9. N4f3 Be7 10. Ng5 O-O 11. a3 Ng4 12. Nxf7 Rxf7 13. O-O Qc8 14. Bxf7+ Kxf7
15. Qf3+ Kg8 16. b4 Nxe3 17. Qxe3 Nd4 18. Rac1 Qd8 19. Nf3 h6 20. Nxd4 exd4 21.
Qxd4 Bc6 22. Rfe1 a6 23. Re3 Bg5 24. Rg3 Qd7 25. Rd1 Re8 26. Re1 Re5 27. Rd3 Bb5
28. Rdd1 Bc6 29. Qxd6 Qxd6 30. Rxd6 Rxe4 31. Rxe4 Bxe4 32. c4 Bc6 33. Re6 Bc1
34. Rxc6 bxc6 35. a4 Kf7 36. b5 cxb5 37. cxb5 axb5 38. axb5 Bf4 39. g3 Bc7 40.
Kf1 Ke6 41. f4 Kd5 42. Kg2 Kc5 43. Kf3 Kxb5 44. Ke4 Kc6 45. Kf5 Ba5 46. h4 Kd7
47. Kg6 Bc3 48. g4 Ke8 49. g5 hxg5 50. Kxg5 Kf7 51. h5 Bd4 52. Kf5 Bc3 53. Kg5
Bb2 54. f5 Bc3 55. Kg4 Bd4 56. Kg5 Bc3 57. Kf4 Bb2 58. Kg4 Bc3 59. Kg5 1/2-1/2

[Event "Challenge"]
[Site "http://www.queenalice.com/game.php?id=1838091"]
[Date "2024.6.6"]
[Round "-"]
[White "jogo"]
[Black "madeira39"]
[Result "0-1"]
[WhiteElo "1862"]
[BlackElo "1821"]

1. e4 e5 2. d4 exd4 3. Qxd4 Nc6 4. Qe3 b6 5. Nc3 Bc5 6. Qg3 Bd4 7. Bd2 Nb4 8.
O-O-O Qf6 9. Bg5 Qxf2 10. Qxf2 Bxf2 11. Nh3 Bc5 12. a3 Nc6 13. Nd5 Bd6 14. Bf4
Bxf4+ 15. Nhxf4 Kd8 16. Kb1 Nge7 17. Nxe7 Nxe7 0-1

[Event "Challenge"]
[Site "http://www.queenalice.com/game.php?id=1838092"]
[Date "2024.6.6"]
[Round "-"]
[White "madeira39"]
[Black "jogo"]
[Result "1-0"]
[WhiteElo "1839"]
[BlackElo "1844"]

1. e4 e5 2. Bc4 Nf6 3. Nc3 Bc5 4. Nh3 O-O 5. d3 c6 6. O-O d5 7. exd5 cxd5 8. Bb3
Bg4 9. Qe1 Nc6 10. Na4 Be7 11. Qe3 d4 12. Qg3 h6 13. f3 Be6 14. Bxe6 fxe6 15. b3
b5 16. Nb2 Nd5 17. Bxh6 1-0

[Event "AUTO-ADV-4754"]
[Site "http://www.queenalice.com/game.php?id=1838327"]
[Date "2024.6.10"]
[Round "2"]
[White "biano"]
[Black "madeira39"]
[Result "1-0"]
[WhiteElo "1986"]
[BlackElo "1895"]

1. d4 e6 2. c4 Be7 3. Nf3 Nf6 4. e3 Ne4 5. Bd3 Bb4+ 6. Nbd2 Nxf2 7. Kxf2 Be7 8.
Rf1 Bh4+ 9. Nxh4 Qxh4+ 10. Kg1 O-O 11. Nf3 Qg4 12. Qc2 b6 13. Bxh7+ Kh8 14. Be4
c6 15. Bd2 d5 16. Bd3 Ba6 17. Ne5 Qh5 18. Rf3 Qg5 19. Nxf7+ Rxf7 20. Rxf7 Qd8
21. Raf1 Nd7 22. cxd5 Bxd3 23. Qxd3 exd5 24. Qg6 1-0

[Event "AUTO-ADV-4754"]
[Site "http://www.queenalice.com/game.php?id=1838328"]
[Date "2024.6.10"]
[Round "2"]
[White "madeira39"]
[Black "biano"]
[Result "1-0"]
[WhiteElo "1921"]
[BlackElo "1998"]

1. e4 c5 2. Bc4 Nc6 3. a3 e6 4. Nf3 d6 5. d3 Be7 6. Bb5 a6 7. Bxc6+ bxc6 8. b3
Nf6 9. Bg5 Nd7 10. Bxe7 Qxe7 11. Nbd2 O-O 12. Nc4 d5 13. Nce5 Nxe5 14. Nxe5 Bb7
15. O-O f6 16. Ng4 a5 17. Qf3 a4 18. Qg3 Kh8 19. exd5 cxd5 20. Ne3 Rfb8 21. bxa4
Bc6 22. a5 Qb7 23. Qd6 d4 24. Nc4 Rd8 25. Qxe6 Bxg2 26. Nd6 Rxd6 27. Qxd6 Qf3
28. Rfe1 Bh3 29. Qg3 1-0

[Event "AUTO-ADV-4754"]
[Site "http://www.queenalice.com/game.php?id=1838335"]
[Date "2024.6.10"]
[Round "2"]
[White "madeira39"]
[Black "ThiagoBrumN"]
[Result "1-0"]
[WhiteElo "1859"]
[BlackElo "1801"]

1. e4 d5 2. Nc3 d4 3. Nce2 Nc6 4. d3 Nf6 5. g3 Bg4 6. f3 Bh5 7. Bg5 Qd6 8. a3
O-O-O 9. Bf4 Ne5 10. g4 Nfxg4 11. fxg4 Nxg4 12. Bxd6 exd6 13. Bh3 Be7 14. Bxg4+
Bxg4 15. h3 Bh5 16. Qd2 Bh4+ 17. Kd1 Rhe8 18. Kc1 Kb8 19. Qb4 Re5 20. Nxd4 Rc5
21. Nf5 Bg5+ 22. Kb1 Bf6 23. h4 a6 24. a4 g6 25. Ne3 Ka7 26. Nc4 Bg4 27. Na5 Rb8
28. Nb3 Re5 29. Qd4+ Ka8 30. Qf2 Re6 31. Na5 Rf8 32. c3 Bd8 33. Ra3 f5 34. Qd4
Bf6 35. Qb4 Rb8 36. Qc4 fxe4 37. dxe4 Re7 38. Ne2 h5 39. Nc6 bxc6 40. Qxa6# 1-0

[Event "AUTO-ADV-4754"]
[Site "http://www.queenalice.com/game.php?id=1838336"]
[Date "2024.6.10"]
[Round "2"]
[White "ThiagoBrumN"]
[Black "madeira39"]
[Result "1-0"]
[WhiteElo "1764"]
[BlackElo "1873"]

1. e4 e5 2. Nf3 Nc6 3. Nc3 Bc5 4. Bc4 Nf6 5. O-O O-O 6. Be2 a6 7. a3 d6 8. Bc4
Na5 9. Be2 b5 10. d4 exd4 11. Nd5 Nxe4 12. b4 c6 13. Nf4 Nc3 14. Qd3 Nxe2+ 15.
Nxe2 Nb7 16. Bg5 f6 17. Qb3+ Kh8 18. Bh4 Ba7 19. Nexd4 Bd7 20. Rae1 c5 21. Qd5
Bc8 22. Nf5 Qd7 23. Re7 Qd8 24. Rxg7 Rb8 25. Ne7 Kxg7 26. Nf5+ Bxf5 27. c3 c4
28. Qxf5 Qc8 29. Qf4 Qe6 30. Qg3+ Kh8 31. Re1 Qd5 32. h3 Qd3 33. Re7 Qg6 34. Qf4
Bb6 35. Bg3 Nd8 36. Nh4 Qg5 37. Qe4 Qg8 38. Nf5 Nf7 39. Bh4 Qg6 40. Re6 Ng5 41.
Qd5 Nxe6 42. Qxe6 Bc7 43. Ne7 Qh6 44. Nf5 Qc1+ 45. Kh2 d5+ 46. g3 Qxc3 47. Qe7
Bxg3+ 48. Bxg3 Rg8 49. Bh4 Qe5+ 50. Qxe5 fxe5 51. Bf6+ 1-0

[Event "Challenge"]
[Site "http://www.queenalice.com/game.php?id=1842855"]
[Date "2024.9.1"]
[Round "-"]
[White "jogo"]
[Black "madeira39"]
[Result "0-1"]
[WhiteElo "1737"]
[BlackElo "1874"]

1. e4 e5 2. d4 exd4 3. Qxd4 Nc6 4. Qe3 Nb4 5. Na3 Nc6 6. c4 Nf6 7. h3 b6 8. e5
Bc5 9. Qg3 Nh5 10. Qg5 Qxg5 0-1

[Event "Challenge"]
[Site "http://www.queenalice.com/game.php?id=1844731"]
[Date "2024.10.5"]
[Round "-"]
[White "madeira39"]
[Black "Capixabba789"]
[Result "1-0"]
[WhiteElo "1883"]
[BlackElo "1941"]

1. e4 e5 2. Bc4 Nc6 3. Nf3 Be7 4. d3 Nf6 5. Ng5 O-O 6. O-O Nd4 7. b4 b5 8. Bxf7+
Rxf7 9. Nxf7 Kxf7 10. c3 Ne6 11. Nd2 d6 12. Qb3 Kf8 13. Nf3 c6 14. Bg5 Qe8 15.
Qd1 a5 16. bxa5 Rxa5 17. Bd2 Ra8 18. a3 Kg8 19. Nh4 Nc5 20. Be3 Nfxe4 21. dxe4
Bxh4 22. Bxc5 dxc5 23. Ra2 c4 24. a4 Bb7 25. Re1 Qf7 26. g3 Be7 27. Re3 h6 28.
Rf3 Qe6 29. Qc2 Bf6 30. Kg2 Bc8 31. axb5 Rxa2 32. Qxa2 cxb5 33. Qa8 Kh7 34. Qb8
Bd7 35. Qa7 Bc6 36. Qe3 Bg5 37. Qe2 Bd7 38. Kg1 Qg6 39. Rf8 Bg4 40. Qxg4 Qd6 41.
Qf5+ 1-0

[Event "Challenge"]
[Site "http://www.queenalice.com/game.php?id=1844740"]
[Date "2024.10.5"]
[Round "-"]
[White "Capixabba789"]
[Black "madeira39"]
[Result "0-1"]
[WhiteElo "1952"]
[BlackElo "1903"]

1. d4 b6 2. e4 Bb7 3. Bd3 d5 4. e5 e6 5. Nf3 h6 6. Nc3 Bb4 7. Bd2 c6 8. O-O b5
9. a3 Ba5 10. b4 Bb6 11. Ne2 Ne7 12. Ng3 Nd7 13. c3 a5 14. Re1 axb4 15. axb4 O-O
16. Be3 Ng6 17. Qc2 Qe8 18. h3 Kh7 19. Nh4 Bd8 20. Bxg6+ fxg6 21. f4 Bxh4 22.
Kh2 Kh8 23. Rab1 Bxg3+ 24. Kxg3 Nb6 25. Kh2 Nc4 26. Qe2 Nb6 27. h4 Qe7 28. Qg4
Qe8 29. g3 h5 30. Qe2 Na4 31. Qd3 Qe7 32. Kh3 Nb6 33. Qxg6 Rf5 34. g4 hxg4+ 35.
Qxg4 Qf7 36. Rg1 Rg8 37. Qg6 Qxg6 38. Rxg6 Bc8 39. Kg4 Kh7 40. h5 Nc4 41. Bf2
Nd2 42. Ra1 Bd7 43. Ra7 Rf7 44. Be3 Ne4 45. Kh4 Nxc3 46. Rxe6 Rgf8 47. Rd6 Be8
48. Ra8 Rf5 49. Rdd8 Rxh5+ 50. Kg3 Ne4+ 51. Kg2 Rh4 52. Rxe8 Rxe8 53. Rxe8 Rg4+
54. Kh3 Rg3+ 55. Kh2 Rxe3 56. e6 Nf6 57. Re7 Re4 0-1

[Event "Challenge"]
[Site "http://www.queenalice.com/game.php?id=1844741"]
[Date "2024.10.5"]
[Round "-"]
[White "madeira39"]
[Black "avieytoa"]
[Result "1/2-1/2"]
[WhiteElo "1926"]
[BlackElo "1973"]

1. e4 e5 2. Bc4 Nf6 3. Nf3 Bc5 4. Nxe5 Nxe4 5. Bxf7+ Kf8 6. d4 Qf6 7. O-O d6 8.
dxc5 dxe5 9. Bc4 Nxc5 10. Qh5 g6 11. Qh6+ Qg7 12. Re1 Nc6 13. Be3 Qxh6 14. Bxh6+
Ke7 15. Bg7 Rd8 16. Bxe5 Nxe5 17. Rxe5+ Kd6 18. Rd5+ Ke7 19. Rxc5 c6 20. Re5+
Kf6 21. Re1 Bf5 22. c3 a6 23. Na3 Rd2 24. b3 b5 25. Be2 Re8 26. Kf1 c5 27. b4 c4
28. h3 Kg5 29. f3 Kf4 30. Kf2 h5 31. g3+ Kg5 32. h4+ Kf6 33. Kf1 Re3 34. Kf2
Rxc3 35. Nb1 Bxb1 36. Rexb1 Rcc2 37. Re1 Rb2 38. a3 c3 39. Ke3 Ke5 40. f4+ Kf6
41. Rac1 Rb3 42. Ra1 Kf5 43. Red1 Rxd1 44. Bxd1 c2+ 45. Kd2 cxd1=Q+ 46. Rxd1
Rxa3 47. Rg1 Rb3 48. Kc2 Rxb4 49. Kc3 Re4 50. Rd1 Re6 51. Rd5+ Kg4 52. Rg5+ Kf3
53. Kb4 Ke4 54. Kc5 Rf6 55. Kb4 Rc6 56. Re5+ Kf3 57. Rg5 Re6 58. Kc5 Ke4 59. Kb4
Kd3 60. Re5 Rc6 61. Rd5+ Ke4 62. Rg5 Rb6 63. Re5+ Kf3 64. Ka5 Rc6 65. Rg5 Ke4
66. Kb4 1/2-1/2

[Event "Challenge"]
[Site "http://www.queenalice.com/game.php?id=1844744"]
[Date "2024.10.5"]
[Round "-"]
[White "madeira39"]
[Black "Mlintz"]
[Result "0-1"]
[WhiteElo "1952"]
[BlackElo "1795"]

1. e4 e5 2. Bc4 Qe7 3. Qf3 g6 4. Nh3 Bg7 5. d3 Nf6 6. Ng5 O-O 7. a3 a5 8. Nc3 c6
9. Nd1 d6 10. O-O h6 11. Bxf7+ Rxf7 12. Nxf7 Qxf7 13. Qg3 Be6 14. Qh4 g5 15. Qg3
Nbd7 16. f3 Qg6 17. Nc3 Nh5 18. Qf2 b5 19. g4 Nf4 20. Bxf4 exf4 21. Nd1 c5 22.
c3 Bb3 23. d4 cxd4 24. cxd4 a4 25. Nc3 Bc4 26. Rfe1 Qe8 27. d5 Ne5 28. Qg2 Nd3
29. Red1 Bd4+ 30. Kf1 Nxb2+ 31. Ne2 Nxd1 32. Rxd1 Be3 33. Ke1 Qe5 34. Qh3 Qg7
35. Rb1 Kh7 36. Qh5 Bd3 37. h4 Bxb1 0-1

[Event "Challenge"]
[Site "http://www.queenalice.com/game.php?id=1844745"]
[Date "2024.10.5"]
[Round "-"]
[White "Mlintz"]
[Black "madeira39"]
[Result "0-1"]
[WhiteElo "1854"]
[BlackElo "1901"]

1. e4 e5 2. Nf3 Nc6 3. Bc4 Bc5 4. c3 d6 5. a4 Nf6 6. d3 O-O 7. h3 h6 8. Qe2 Qe8
9. b4 Bxb4 10. cxb4 Nxb4 11. O-O Kh7 12. Bb2 Nc6 13. Re1 Nh5 14. Bc1 Nb4 15. Nc3
Qe7 0-1

[Event "Challenge"]
[Site "http://www.queenalice.com/game.php?id=1846149"]
[Date "2024.10.26"]
[Round "-"]
[White "madeira39"]
[Black "Mlintz"]
[Result "0-1"]
[WhiteElo "1928"]
[BlackElo "1815"]

1. e4 e5 2. Bc4 g6 3. Qf3 Qe7 4. d3 Bg7 5. Nh3 Nf6 6. Nc3 c6 7. Ng5 O-O 8. a3 d6
9. Qg3 b5 10. Bb3 Bb7 11. Qh4 h5 12. O-O Nbd7 13. Ba2 a5 14. b3 Nh7 15. Nf3 Bf6
16. Qh3 Bc8 17. g3 Ng5 18. Bxg5 Bxg5 19. Qg2 Bh6 20. h4 Nf6 21. b4 axb4 22. axb4
Bb7 23. Ng5 Nh7 24. Nxf7 Rxf7 25. Bxf7+ Qxf7 26. Qh3 Qe8 27. Rxa8 Bxa8 28. Ra1
Bd2 29. Na2 Nf6 30. Rd1 Bh6 31. Nc3 Ng4 32. Ra1 Bb7 33. Ra7 Bc8 34. Ra8 Qd7 35.
f3 Qb7 36. Ra1 Qb6+ 0-1

[Event "Challenge"]
[Site "http://www.queenalice.com/game.php?id=1846150"]
[Date "2024.10.26"]
[Round "-"]
[White "madeira39"]
[Black "ricardoaurelio"]
[Result "0-1"]
[WhiteElo "1915"]
[BlackElo "2010"]

1. e4 e5 2. Bc4 Nf6 3. Nc3 Nc6 4. Nf3 h6 5. a3 d6 6. d3 Bg4 7. Be3 Be7 8. Bb5 a6
9. Bxc6+ bxc6 10. Qe2 O-O 11. h3 Be6 12. Nh4 Nh7 13. Nf3 Bf6 14. O-O-O Rb8 15.
d4 Qe7 16. h4 h5 17. Qxa6 exd4 18. Bxd4 Bxd4 19. Nxd4 Rb6 20. Qe2 Bg4 21. f3 Bd7
22. Na4 Rb7 23. Qa6 Rfb8 24. Qc4 c5 25. Ne2 Bxa4 26. Qxa4 Rxb2 27. Nc3 Qe5 28.
Rd3 Qf4+ 29. Rd2 Qe3 30. Rd1 Qxc3 0-1